Word Scramble - Netherlands - Statistics

General Stats
  • This quiz has been taken 111 times
  • The average score is 9 of 16
Answer Stats
Hint Answer % Correct
aougd Gouda
93%
xjaa Ajax
87%
ramedstam Amsterdam
87%
end haga Den Haag
75%
ectivnn anv hogg Vincent van Gogh
72%
liutsp Tulips
71%
noahj frucyf Johan Cruyff
67%
otdtarmre Rotterdam
59%
solgc Clogs
53%
mndiwlsli Windmills
51%
ldohlan Holland
49%
diede nav lahne Eddie Van Halen
46%
nargeo Orange
37%
oefawloptsr Stroopwafel
28%
rmbdnrtea Rembrandt
24%
fetrawdle Delftware
5%
No matching quizzes found
Score Distribution
Percent of People with Each Score
Percentile by Number Answered
Your Score History
You have not taken this quiz